000
00191nam a2200073Ia 4500
008
170817s9999 xx 000 0 und d
100
_a
Sharma.Sunita
245
0
_a
Dictionary Of Psychology
260
_b
Anmol Publications Delhi
999
_c
38881
_d
38881